000 00419nam a2200181Ia 4500
008 180207s9999 xx 000 0 und d
020 _a679986898
050 _bC879 1999
100 _aCoxe, Molly.
245 _a6 sticks /
245 _cMolly Coxe.
260 _aToronto :
260 _bRandom House, Inc.,
260 _c1999
300 _aunpaged :
300 _bcolor illustration ;
440 _aDr. Seuss.
999 _c355211
_d355211